[Event "Rhein Main op-B 20th"]
[Site "Bad Homburg"]
[Date "2017.06.17"]
[Round "5"]
[White "Kirchner, Stefan2222"]
[Black "Woessmann, David"]
[Result "0-1"]
[WhiteElo "1547"]
[BlackElo "1801"]
[PlyCount "80"]
[EventDate "2017.06.14"]
[EventType "swiss"]
[EventRounds "7"]
[EventCountry "GER"]
[SourceTitle "EXT 2018"]
[Source "ChessBase"]
[SourceDate "2017.10.13"]
[SourceVersion "1"]
[SourceVersionDate "2017.10.13"]
[SourceQuality "1"]

1. e4 e5 2. Nf3 Nc6 3. Bc4 Bc5 4. c3 Nf6 5. b4 Bb6 6. d3 d6 7. Bg5 h6 8. Bc1 0-0 9. 0-0 Ne7 10. a4 a6 11. Nbd2 Ng6 12. Bb3 Bg4 13. Nc4 Ba7 14. Be3 Nh4 15. Ncd2 d5 16. Bxa7 Rxa7 17. h3 dxe4 18. dxe4 Bxf3 19. Nxf3 Ng6 20. Re1 Qe7 21. Qe2 Nf4 22. Qe3 b6 23. a5 Rb8 24. axb6 cxb6 25. Bc4 b5 26. Bf1 Rba8 27. Ra2 Nd7 28. Bxb5 Qe6 29. Rea1 Nb8 30. Bf1 Rc7 31. b5 Nd7 32. Rxa6 Rxa6 33. Rxa6 Qb3 34. c4 Qb1 35. Nd2 Qd1 36. f3 Nc5 37. Rd6 Nb7 38. Ra6 Rd7 39. Nb3 Rd3 40. Qc1 Ne2+ 0-1

[Event "Hessen-ch U14"]
[Site "Bad Homburg"]
[Date "2015.04.02"]
[Round "6"]
[White "Echtermeyer, Eric"]
[Black "Woessmann, David"]
[Result "1/2-1/2"]
[WhiteElo "1262"]
[BlackElo "1501"]
[PlyCount "86"]
[EventDate "2015.03.30"]
[EventType "swiss"]
[EventRounds "7"]
[EventCountry "GER"]
[SourceTitle "EXT 2017"]
[Source "ChessBase"]
[SourceDate "2016.10.25"]
[SourceVersion "1"]
[SourceVersionDate "2016.10.25"]
[SourceQuality "1"]

1. e4 e5 2. Nf3 Nc6 3. Bc4 Bc5 4. d3 Nf6 5. Nc3 d6 6. h3 Be6 7. Bb3 Qd7 8. Qe2 Ne7 9. Bg5 Ng6 10. Bxf6 gxf6 11. Nd2 c6 12. a3 Rg8 13. g4 Nf4 14. Bxe6 fxe6 15. Qf3 0-0-0 16. Nb3 Bb6 17. Ne2 Ng6 18. 0-0-0 Rgf8 19. Rd2 f5 20. Qg2 f4 21. f3 Be3 22. h4 d5 23. Kb1 Bxd2 24. Nxd2 Kb8 25. h5 Ne7 26. Qh2 c5 27. h6 Qb5 28. Nc3 Qc6 29. Qh4 Ng6 30. Qf2 d4 31. Nd1 b5 32. b3 Rf7 33. Nb2 a5 34. a4 bxa4 35. Nxa4 Rb7 36. Ka2 Rdd7 37. Nc4 Rb4 38. Ncb2 Ka8 39. Qd2 Rdb7 40. Rb1 Rb8 41. Ka3 Qd7 42. Qe1 Ne7 43. Nc4 Nc6 1/2-1/2

[Event "Hessen-ch U14"]
[Site "Bad Homburg"]
[Date "2015.03.30"]
[Round "2"]
[White "Woessmann, David"]
[Black "Gerlach, Manuel"]
[Result "1-0"]
[WhiteElo "1501"]
[BlackElo "1344"]
[PlyCount "81"]
[EventDate "2015.03.30"]
[EventType "swiss"]
[EventRounds "7"]
[EventCountry "GER"]
[SourceTitle "EXT 2017"]
[Source "ChessBase"]
[SourceDate "2016.10.25"]
[SourceVersion "1"]
[SourceVersionDate "2016.10.25"]
[SourceQuality "1"]

1. e4 e5 2. Nf3 Nc6 3. Bc4 Bc5 4. c3 Nf6 5. d3 d6 6. Bb3 0-0 7. Nbd2 Ne7 8. h3 Ng6 9. Nf1 Bb6 10. g4 Nf4 11. Bxf4 exf4 12. Qd2 Re8 13. 0-0-0 Be6 14. Bc2 Nd7 15. d4 f6 16. Qxf4 Bf7 17. g5 Bg6 18. h4 Bh5 19. N1d2 Rf8 20. Qg3 c6 21. Rdg1 Bc7 22. gxf6 Qxf6 23. Ng5 Qxf2 24. Qxf2 Rxf2 25. Ne6 Bb6 26. Rxg7+ Kh8 27. Rxd7 Rg8 28. e5 Bg6 29. Bxg6 Rxg6 30. Rxd6 Re2 31. Nf4 Rxd6 32. Nxe2 Rg6 33. h5 Rg2 34. Nf4 Rg3 35. Ne4 Rg4 36. Rf1 Bd8 37. Ne6 Bh4 38. Rf8+ Rg8 39. Nf6 Rxf8 40. Nxf8 Bg5+ 41. Kc2 1-0

[Event "Rhein Main op-B 17th"]
[Site "Bad Homburg"]
[Date "2014.06.20"]
[Round "4"]
[White "Schmid, Herbert"]
[Black "Woessmann, David"]
[Result "1-0"]
[WhiteElo "1727"]
[BlackElo "1383"]
[PlyCount "105"]
[EventDate "2014.06.18"]
[EventType "swiss"]
[EventRounds "9"]
[EventCountry "GER"]
[SourceTitle "CBM 161 Extra"]
[Source "ChessBase"]
[SourceDate "2014.08.29"]
[SourceVersion "1"]
[SourceVersionDate "2014.08.29"]
[SourceQuality "1"]

1. Nf3 Nc6 2. d4 Nf6 3. c4 g6 4. Nc3 Bg7 5. e4 d6 6. Be2 0-0 7. 0-0 e5 8. d5 Nb8 9. b4 Ne8 10. Bg5 Qd7 11. c5 f5 12. Qb3 Kh8 13. cxd6 cxd6 14. Bb5 Qf7 15. Bd2 f4 16. Rac1 h6 17. Be2 a6 18. Na4 Nd7 19. Rc2 g5 20. Rfc1 Nef6 21. Bd3 g4 22. Nh4 g3 23. fxg3 fxg3 24. h3 Nh5 25. Nf5 b5 26. Nb2 Qf6 27. Rc6 Nf4 28. Rxd6 Qf7 29. Rdc6 Nf6 30. Rc7 Bd7 31. a4 h5 32. axb5 axb5 33. Bxb5 Nxe4 34. Bxf4 Qxf5 35. Bxg3 Nxg3 36. Qxg3 Rf7 37. Rf1 Qxf1+ 38. Bxf1 Ra1 39. Qg5 Raxf1+ 40. Kh2 R1f5 41. Qd8+ Kh7 42. Rxd7 e4 43. Rxf7 Rxf7 44. Qe8 Rf4 45. Qxh5+ Kg8 46. Qg5 Rf1 47. d6 Rf8 48. d7 Kh7 49. Qh4+ Kg6 50. Qxe4+ Kh6 51. Qe6+ Kh7 52. Qe7 Kh6 53. Qxf8 1-0

[Event "Rhein Main op-B 17th"]
[Site "Bad Homburg"]
[Date "2014.06.19"]
[Round "2"]
[White "Brueckner, Alexander"]
[Black "Woessmann, David"]
[Result "0-1"]
[WhiteElo "1735"]
[BlackElo "1383"]
[PlyCount "54"]
[EventDate "2014.06.18"]
[EventType "swiss"]
[EventRounds "9"]
[EventCountry "GER"]
[SourceTitle "CBM 161 Extra"]
[Source "ChessBase"]
[SourceDate "2014.08.29"]
[SourceVersion "1"]
[SourceVersionDate "2014.08.29"]
[SourceQuality "1"]

1. e4 e5 2. Nf3 Nc6 3. Bb5 Bc5 4. 0-0 Nf6 5. Bxc6 dxc6 6. Nxe5 Nxe4 7. d4 Bxd4 8. Qe2 Bf5 9. Nd2 Bxe5 10. Nxe4 0-0 11. Ng3 Re8 12. Be3 Qh4 13. c3 Rad8 14. Rad1 Rxd1 15. Rxd1 Bg4 16. f3 Bh5 17. Bf2 f6 18. Qc2 Bf7 19. b3 Qg5 20. Re1 Bg6 21. Qe2 Bxc3 22. Qc4+ Qd5 23. Qxc3 Rxe1+ 24. Qxe1 b6 25. Qe2 Qd3 26. Kf1 Qb1+ 27. Be1 Bd3 0-1